| 000 | 01364nam a2200337 a 4500 | ||
|---|---|---|---|
| 001 | 000008559 | ||
| 003 | DO-SdBPM | ||
| 005 | 20260521132215.0 | ||
| 007 | ta | ||
| 008 | 090917s1999 dr r 001 0 spa d | ||
| 040 |
_aDO-SdBPM _bspa _cBPMSU _erda |
||
| 082 | 0 | 4 |
_a972.9304 _bG216v, 1999 _222 |
| 100 | 1 |
_aGarcía Lluberes, Alcides _d1889-1967 _4aut. _eautor |
|
| 245 | 1 | 0 |
_a27 de febrero de 1844 : _btres ensayos / _cAlcides García Lluberes, Leonidas García Lluberes, Vetilo Alfau Durán ; prólogo Jaime de Jesús Domínguez. |
| 246 | 1 | 3 | _aVeintisiete de febrero de 1844 |
| 250 | _a2a ed. | ||
| 264 |
_aSanto Domingo : _bLibrería La Trinitaria, _c1999. |
||
| 300 |
_a168 páginas ; _c21 cm. |
||
| 336 |
_atexto _btxt _2rdacontent |
||
| 337 |
_asin mediación _bn _2rdamedia |
||
| 338 |
_avolumen _bnc _2rdacarrier |
||
| 500 | _aIncluye datos biográficos de los autores en las página 157-168. | ||
| 504 | _aIncluye referencias bibliográficas y notas al pie de las páginas | ||
| 590 | _aInventariado, 2026/VM | ||
| 651 | 7 |
_aRepública Dominicana _xHistoria _y1844-1930 _vEnsayos, conferencias, etc. |
|
| 700 | 1 |
_aGarcía Lluberes, Leonidas, _d1882-1962. _4autor |
|
| 700 | 1 |
_aAlfau Durán, Vetilio, _d1909-1985 _eautor |
|
| 700 | 1 |
_aDomínguez, Jaime de Jesús, _epról.ogo |
|
| 910 | _aVMato V. Control de calidad. BPMSU | ||
| 942 |
_2ddc _cBK |
||
| 999 |
_c12874 _d12874 |
||